[Event "GER-chT Lands U20"]
[Site "Hannover"]
[Date "2014.10.05"]
[Round "4.6"]
[White "Bruns, Kai Christian"]
[Black "Schneider, Jana"]
[Result "1-0"]
[WhiteElo "1878"]
[BlackElo "1714"]
[PlyCount "69"]
[EventDate "2014.10.03"]
[EventType "team-swiss"]
[EventRounds "7"]
[EventCountry "GER"]
[SourceTitle "CBM 162 Extra"]
[Source "ChessBase"]
[SourceDate "2014.10.17"]
[SourceVersion "1"]
[SourceVersionDate "2014.10.17"]
[SourceQuality "1"]
[WhiteTeam "Niedersachsen"]
[BlackTeam "Bayern"]
[WhiteTeamCountry "GER"]
[BlackTeamCountry "GER"]

1. e4 e5 2. Bc4 Nc6 3. Nc3 Nf6 4. d3 Bc5 5. Nf3 a6 6. 0-0 d6 7. h3 Bd7 8. Re1 h6 9. Ne2 Na5 10. Bb3 Nxb3 11. axb3 0-0 12. Ng3 Re8 13. c3 Bc6 14. Nf5 d5 15. exd5 Qxd5 16. c4 Qd7 17. Ng3 e4 18. dxe4 Qxd1 19. Rxd1 Nxe4 20. Nxe4 Rxe4 21. Re1 Rae8 22. Bd2 f6 23. Kf1 Kf7 24. Rxe4 Rxe4 25. Re1 Rxe1+ 26. Nxe1 Ke6 27. Ke2 Ke5 28. Nd3+ Kd6 29. Bf4+ Ke7 30. Nxc5 Bxg2 31. h4 Kf7 32. Bxc7 Bc6 33. Ke3 Kg6 34. Ne6 Bd7 35. Nf8+ 1-0

[Event "GER-chT Lands U20"]
[Site "Hannover"]
[Date "2014.10.05"]
[Round "5.6"]
[White "Trifan, Andrei Ioan"]
[Black "Bruns, Kai Christian"]
[Result "1/2-1/2"]
[WhiteElo "1748"]
[BlackElo "1878"]
[PlyCount "67"]
[EventDate "2014.10.03"]
[EventType "team-swiss"]
[EventRounds "7"]
[EventCountry "GER"]
[SourceTitle "CBM 162 Extra"]
[Source "ChessBase"]
[SourceDate "2014.10.17"]
[SourceVersion "1"]
[SourceVersionDate "2014.10.17"]
[SourceQuality "1"]
[WhiteTeam "Baden"]
[BlackTeam "Niedersachsen"]
[WhiteTeamCountry "GER"]
[BlackTeamCountry "GER"]

1. e4 c5 2. Nf3 Nc6 3. d4 cxd4 4. Nxd4 Nf6 5. Nc3 e6 6. Ndb5 Bc5 7. Nd6+ Ke7 8. Bf4 e5 9. Nf5+ Kf8 10. Bg5 d6 11. Bc4 Nd4 12. Nxd4 exd4 13. Nd5 Qe8 14. Nxf6 gxf6 15. Bh6+ Ke7 16. Qd3 Be6 17. Bb3 Rg8 18. g3 Kd8 19. 0-0-0 Rc8 20. Kb1 Kc7 21. Bd2 Kb8 22. Bd5 Qd7 23. Qb3 Rge8 24. Rhe1 Qc7 25. f4 Bb6 26. c3 f5 27. Bxe6 fxe6 28. exf5 exf5 29. Qd5 dxc3 30. Bxc3 Rxe1 31. Rxe1 Qc5 32. Qxc5 Bxc5 33. Re7 Rc7 34. Re8+ 1/2-1/2

[Event "GER-chT Lands U20"]
[Site "Hannover"]
[Date "2014.10.04"]
[Round "3.6"]
[White "Baltic, Fatih"]
[Black "Bruns, Kai Christian"]
[Result "1/2-1/2"]
[WhiteElo "1890"]
[BlackElo "1878"]
[PlyCount "48"]
[EventDate "2014.10.03"]
[EventType "team-swiss"]
[EventRounds "7"]
[EventCountry "GER"]
[SourceTitle "CBM 162 Extra"]
[Source "ChessBase"]
[SourceDate "2014.10.17"]
[SourceVersion "1"]
[SourceVersionDate "2014.10.17"]
[SourceQuality "1"]
[WhiteTeam "Nordrhein Westfalen"]
[BlackTeam "Niedersachsen"]
[WhiteTeamCountry "GER"]
[BlackTeamCountry "GER"]

1. e4 c5 2. Nf3 Nc6 3. d4 cxd4 4. Nxd4 g6 5. c4 Bg7 6. Be3 Nf6 7. Nc3 d6 8. f3 0-0 9. Qd2 Nxd4 10. Bxd4 Be6 11. Be2 Nd7 12. Bxg7 Kxg7 13. 0-0 a5 14. Kh1 Kg8 15. Nb5 Qb6 16. Rac1 Rac8 17. b3 Nc5 18. Qe3 Bd7 19. Nd4 Ne6 20. Nf5 Qxe3 21. Nxe3 Bc6 22. Rfd1 Kg7 23. Kg1 Nc5 24. Kf2 b6 1/2-1/2

[Event "Niedersachsen-ch U16"]
[Site "Norderney"]
[Date "2014.04.14"]
[Round "5"]
[White "Bruns, Kai Christian"]
[Black "Boehm, Jana"]
[Result "1-0"]
[WhiteElo "1863"]
[BlackElo "1749"]
[PlyCount "53"]
[EventDate "2014.04.??"]
[EventType "swiss"]
[EventRounds "9"]
[EventCountry "GER"]
[SourceTitle "EXT 2017"]
[Source "ChessBase"]
[SourceDate "2016.10.25"]
[SourceVersion "1"]
[SourceVersionDate "2016.10.25"]
[SourceQuality "1"]

1. d4 Nf6 2. Bg5 g6 3. Bxf6 exf6 4. c4 f5 5. Nc3 Bg7 6. g3 0-0 7. e3 d6 8. Bg2 c6 9. Nge2 Nd7 10. 0-0 Nf6 11. b4 Be6 12. Qd3 d5 13. c5 Qc7 14. a4 Ne4 15. Rfb1 Rfb8 16. Ra2 a6 17. Nf4 Bh6 18. Nxe4 fxe4 19. Nxe6 Qe7 20. Qb3 fxe6 21. b5 axb5 22. axb5 Rxa2 23. Qxa2 Qd8 24. Bh3 Kf7 25. bxc6 b5 26. Qa7+ Kf6 27. c7 1-0

[Event "Niedersachsen-ch U16"]
[Site "Norderney"]
[Date "2014.04.12"]
[Round "1"]
[White "Eschholz, Dario"]
[Black "Bruns, Kai Christian"]
[Result "1/2-1/2"]
[WhiteElo "1567"]
[BlackElo "1863"]
[PlyCount "103"]
[EventDate "2014.04.??"]
[EventType "swiss"]
[EventRounds "9"]
[EventCountry "GER"]
[SourceTitle "EXT 2017"]
[Source "ChessBase"]
[SourceDate "2016.10.25"]
[SourceVersion "1"]
[SourceVersionDate "2016.10.25"]
[SourceQuality "1"]

1. e4 c5 2. Nc3 Nc6 3. g3 g6 4. Bg2 Bg7 5. d3 Nf6 6. Nge2 d6 7. h3 Bd7 8. Bd2 Rb8 9. a4 a6 10. Qc1 0-0 11. Bh6 b5 12. axb5 axb5 13. Bxg7 Kxg7 14. f3 Qb6 15. h4 Nd4 16. h5 Nxe2 17. Kxe2 Rh8 18. h6+ Kf8 19. Bh3 Bxh3 20. Rxh3 c4 21. f4 cxd3+ 22. cxd3 Ng4 23. Nd1 Ke8 24. Rh4 Nf6 25. Ne3 Kd7 26. e5 Rhc8 27. Qh1 Ne8 28. Qd5 e6 29. Qe4 d5 30. Qb4 d4 31. Nf1 Qc5 32. Qxc5 Rxc5 33. Kd1 Rbc8 34. Rh2 Nc7 35. Rc1 Nd5 36. Rxc5 Rxc5 37. Rc2 Kc6 38. Rd2 Ne7 39. g4 Nd5 40. Rf2 Nb4 41. Rd2 Nd5 42. Rf2 Kb6 43. f5 exf5 44. gxf5 gxf5 45. Rxf5 Rc6 46. Rxf7 Rxh6 47. Nd2 Ne3+ 48. Ke2 Ng4 49. Nf3 Re6 50. Rxh7 Nxe5 51. Nxd4 Rd6 52. Rh5 1/2-1/2

[Event "GER-chT Lands U20"]
[Site "Hannover"]
[Date "2013.10.06"]
[Round "7.5"]
[White "Stein, Robert"]
[Black "Bruns, Kai Christian"]
[Result "0-1"]
[WhiteElo "1913"]
[BlackElo "1974"]
[PlyCount "98"]
[EventDate "2013.10.02"]
[EventType "team-swiss"]
[EventRounds "7"]
[EventCountry "GER"]
[SourceTitle "EXT 2014"]
[Source "ChessBase"]
[SourceDate "2013.11.20"]
[SourceVersion "1"]
[SourceVersionDate "2013.11.20"]
[SourceQuality "1"]
[WhiteTeam "Sachsen Anhalt"]
[BlackTeam "Niedersachsen"]
[WhiteTeamCountry "GER"]
[BlackTeamCountry "GER"]

1. e4 c5 2. Nf3 Nc6 3. d4 cxd4 4. Nxd4 Nf6 5. Nc3 e6 6. Ndb5 Bc5 7. Bf4 0-0 8. Bc7 Qe7 9. Bd6 Bxd6 10. Qxd6 Qd8 11. Qd2 a6 12. Nd6 Ne8 13. 0-0-0 Nxd6 14. Qxd6 b5 15. h4 Qa5 16. Kb1 b4 17. Ne2 Bb7 18. Rh3 Rac8 19. Nd4 Nxd4 20. Qxd4 Qc5 21. Qxc5 Rxc5 22. Re3 Rfc8 23. Bd3 d5 24. exd5 Bxd5 25. f3 g6 26. g4 a5 27. Rde1 Kg7 28. f4 Bc4 29. Re5 Bxd3 30. cxd3 a4 31. Rxc5 Rxc5 32. Re4 Rb5 33. Kc2 Kf6 34. a3 Rc5+ 35. Kd2 b3 36. Rc4 Rxc4 37. dxc4 e5 38. Ke3 Ke6 39. g5 f5 40. gxf6 Kxf6 41. Ke4 exf4 42. Kxf4 h6 43. c5 Ke6 44. Ke4 g5 45. hxg5 hxg5 46. c6 Kd6 47. Kf5 Kxc6 48. Kxg5 Kd5 49. Kf4 Kd4 0-1

[Event "GER-chT Lands U20"]
[Site "Hannover"]
[Date "2013.10.04"]
[Round "5.5"]
[White "Bruns, Kai Christian"]
[Black "Gungl, Theo"]
[Result "0-1"]
[WhiteElo "1974"]
[BlackElo "1975"]
[PlyCount "68"]
[EventDate "2013.10.02"]
[EventType "team-swiss"]
[EventRounds "7"]
[EventCountry "GER"]
[SourceTitle "EXT 2014"]
[Source "ChessBase"]
[SourceDate "2013.11.20"]
[SourceVersion "1"]
[SourceVersionDate "2013.11.20"]
[SourceQuality "1"]
[WhiteTeam "Niedersachsen"]
[BlackTeam "Sachsen"]
[WhiteTeamCountry "GER"]
[BlackTeamCountry "GER"]

1. e4 c5 2. c3 d5 3. exd5 Qxd5 4. d4 Nf6 5. Nf3 Bg4 6. Be2 e6 7. h3 Bh5 8. 0-0 Nc6 9. Be3 cxd4 10. cxd4 Be7 11. Nc3 Qd7 12. Qb3 0-0 13. Rfd1 Na5 14. Qc2 Bg6 15. Qd2 Bb4 16. Ne5 Qe7 17. Nxg6 hxg6 18. Bf3 Rac8 19. Rac1 Rfd8 20. Qe2 Nc6 21. Na4 Nd5 22. a3 Bd6 23. b4 a5 24. Bxd5 exd5 25. Nb6 Nxd4 26. Qb2 Rxc1 27. Rxc1 Nf5 28. Nxd5 Qe4 29. Nc3 Qe5 30. bxa5 Qh2+ 31. Kf1 Qh1+ 32. Ke2 Qxg2 33. Qb6 Ng3+ 34. Ke1 Bc7 0-1

[Event "Niedersachsen-ch U14"]
[Site "Rotenburg"]
[Date "2013.03.27"]
[Round "6"]
[White "Sieber, Fiona"]
[Black "Bruns, Kai Christian"]
[Result "0-1"]
[WhiteElo "1827"]
[BlackElo "1738"]
[PlyCount "98"]
[EventDate "2013.03.23"]
[EventType "swiss"]
[EventRounds "9"]
[EventCountry "GER"]
[SourceTitle "EXT 2015"]
[Source "ChessBase"]
[SourceDate "2014.11.20"]
[SourceVersion "1"]
[SourceVersionDate "2014.11.20"]
[SourceQuality "1"]

1. e4 c5 2. Nf3 Nc6 3. d4 cxd4 4. Nxd4 Nf6 5. Nc3 e6 6. Be2 Bb4 7. 0-0 Bxc3 8. bxc3 Nxe4 9. Bd3 Nf6 10. Nb5 0-0 11. Ba3 Ne7 12. Nd6 Ne8 13. Rb1 Nxd6 14. Bxd6 f5 15. f4 Rf7 16. c4 b6 17. Be2 Ba6 18. c5 Bxe2 19. Qxe2 Nd5 20. Qe5 bxc5 21. Bxc5 Rc8 22. Bxa7 Re7 23. Qd6 Rxc2 24. Rb8 Rc8 25. Rfb1 Kf7 26. Bc5 Rxb8 27. Qxb8 Re8 28. Qd6 Qc8 29. g3 Nc3 30. Rb2 Ne4 31. Qd4 Qxc5 32. Qxc5 Nxc5 33. Rb5 d6 34. Ra5 Rb8 35. Ra7+ Rb7 36. Ra8 Rb6 37. Ra7+ Kf6 38. Kf2 Ra6 39. Rxa6 Nxa6 40. a4 e5 41. a5 e4 42. Ke3 Ke6 43. g4 g6 44. h4 d5 45. gxf5+ Kxf5 46. Kd4 Kxf4 47. Kxd5 e3 48. Kc6 e2 49. Kb5 Nb8 0-1

[Event "Hannover-ch U14"]
[Site "Lehrte"]
[Date "2012.10.22"]
[Round "5"]
[White "Bruns, Kai Christian"]
[Black "Heise, Tobias"]
[Result "1/2-1/2"]
[WhiteElo "1758"]
[BlackElo "1523"]
[PlyCount "38"]
[EventDate "2012.10.23"]
[EventType "swiss"]
[EventRounds "7"]
[EventCountry "GER"]
[SourceTitle "EXT 2021"]
[Source "ChessBase"]
[SourceDate "2020.10.23"]
[SourceVersion "1"]
[SourceVersionDate "2020.10.23"]
[SourceQuality "1"]

1. c4 e6 2. g3 Nf6 3. Bg2 d5 4. Nf3 Bd6 5. 0-0 b6 6. Nc3 Bb7 7. cxd5 Nxd5 8. Nxd5 Bxd5 9. b3 Nd7 10. Bb2 0-0 11. Re1 Rc8 12. Rc1 c5 13. d3 Bxf3 14. Bxf3 Be5 15. Ba3 Qf6 16. Qc2 Rc7 17. Rb1 Rfc8 18. Bb2 Bd4 19. Bxd4 Qxd4 1/2-1/2

[Event "Niedersachsen-ch U14"]
[Site "Rotenburg"]
[Date "2012.04.04"]
[Round "7"]
[White "Bruns, Kai Christian"]
[Black "Boehning, Kilian"]
[Result "0-1"]
[WhiteElo "1693"]
[BlackElo "1753"]
[PlyCount "132"]
[EventDate "2012.03.31"]
[EventType "swiss"]
[EventRounds "9"]
[EventCountry "GER"]
[SourceTitle "EXT 2015"]
[Source "ChessBase"]
[SourceDate "2014.11.20"]
[SourceVersion "1"]
[SourceVersionDate "2014.11.20"]
[SourceQuality "1"]

1. c4 e5 2. Nc3 Nc6 3. g3 d6 4. Bg2 g6 5. d3 Bg7 6. Nf3 Nge7 7. 0-0 0-0 8. Rb1 f5 9. e3 h6 10. Ne1 Be6 11. Nd5 Rb8 12. a4 a5 13. Nc2 Bxd5 14. cxd5 Nb4 15. Nxb4 axb4 16. Bd2 c5 17. f4 exf4 18. gxf4 Kh7 19. b3 Ng8 20. Qf3 h5 21. e4 Nh6 22. h3 Re8 23. Bc1 Bd4+ 24. Kh1 Qf6 25. Be3 Bc3 26. Qe2 Re7 27. Qc2 b6 28. Bc1 Rf8 29. Bb2 Bd4 30. Bxd4 Qxd4 31. Rbe1 Rfe8 32. Qb1 Ng8 33. Re2 Nf6 34. Rfe1 Nxd5 35. Qc1 Nc3 36. Re3 fxe4 37. dxe4 Nxe4 38. Kh2 d5 39. Qc2 Re6 40. Rd3 Qf6 41. Rxd5 Qxf4+ 42. Kg1 Nf6 43. Rxe6 Rxe6 44. Rd1 Qe3+ 45. Kh2 Kh6 46. Qc4 Qe5+ 47. Kg1 Re8 48. Rf1 Kg7 49. Qd3 Qe3+ 50. Qxe3 Rxe3 51. Rb1 g5 52. Kf2 Rc3 53. Rb2 g4 54. hxg4 Nxg4+ 55. Ke1 h4 56. Bd5 h3 57. Rd2 h2 58. Ke2 Rc1 59. Kd3 Ne5+ 60. Ke3 h1Q 61. Bxh1 Rxh1 62. Ke4 Nf7 63. Kd5 Rh6 64. Rg2+ Kf8 65. Rg3 Ke7 66. Rf3 Rd6+ 0-1

[Event "GER-ch U12"]
[Site "Oberhof"]
[Date "2011.06.18"]
[Round "11"]
[White "Bruns, Kai Christian"]
[Black "Raetzke von Stoyentin, Steffen"]
[Result "1/2-1/2"]
[WhiteElo "1645"]
[BlackElo "1728"]
[PlyCount "59"]
[EventDate "2011.06.11"]
[EventType "swiss"]
[EventRounds "11"]
[EventCountry "GER"]
[SourceTitle "CBM 142 Extra"]
[Source "ChessBase"]
[SourceDate "2011.06.27"]
[SourceVersion "1"]
[SourceVersionDate "2011.06.27"]
[SourceQuality "1"]

1. e4 c5 2. c3 Nf6 3. e5 Nd5 4. d4 cxd4 5. cxd4 d6 6. Bc4 e6 7. Nf3 Nc6 8. 0-0 Be7 9. Re1 0-0 10. Nbd2 dxe5 11. dxe5 Nb6 12. Bb3 Qc7 13. a3 Rd8 14. Qc2 Bd7 15. Ne4 Be8 16. Bf4 h6 17. Nd6 Nc8 18. Ne4 Nb6 19. Nfd2 Qd7 20. Nd6 Nc8 21. N2e4 Nd4 22. Qc4 Nf5 23. Red1 Qc6 24. Qb4 Qb6 25. Qxb6 Nxb6 26. Nxb7 Rd4 27. f3 Bc6 28. Na5 Bxe4 29. fxe4 Rxe4 30. Bd2 1/2-1/2

[Event "GER-ch U12"]
[Site "Oberhof"]
[Date "2011.06.16"]
[Round "8"]
[White "Moses, Selina"]
[Black "Bruns, Kai Christian"]
[Result "1-0"]
[WhiteElo "1704"]
[BlackElo "1645"]
[PlyCount "135"]
[EventDate "2011.06.11"]
[EventType "swiss"]
[EventRounds "11"]
[EventCountry "GER"]
[SourceTitle "CBM 142 Extra"]
[Source "ChessBase"]
[SourceDate "2011.06.27"]
[SourceVersion "1"]
[SourceVersionDate "2011.06.27"]
[SourceQuality "1"]

1. e4 c5 2. Nf3 Nc6 3. d4 cxd4 4. Nxd4 g6 5. Nc3 Bg7 6. Be3 Nf6 7. f3 0-0 8. Bc4 Qb6 9. Bb3 Nxe4 10. Na4 Qa5+ 11. c3 Nf6 12. Nxc6 dxc6 13. Nc5 b6 14. Nd3 Ba6 15. Nb4 Rfd8 16. Qc2 Qe5 17. Nxa6 Qxe3+ 18. Qe2 Qxe2+ 19. Kxe2 Rd7 20. Rhd1 Rad8 21. Nb4 Rxd1 22. Rxd1 Rxd1 23. Kxd1 c5 24. Nc6 e6 25. Nxa7 Nd5 26. Bxd5 exd5 27. Nc8 d4 28. cxd4 Bxd4 29. Nxb6 Bxb2 30. Nc4 Bd4 31. Kd2 Kf8 32. Kd3 f5 33. a4 Ke7 34. a5 Kd7 35. g4 fxg4 36. fxg4 Bg1 37. h3 Bh2 38. Ke4 Ke6 39. a6 Bb8 40. Nb6 Kd6 41. Nc8+ Kc7 42. a7 Bxa7 43. Nxa7 Kb7 44. Nb5 Kc6 45. Nc3 Kd6 46. g5 Ke6 47. Nd5 c4 48. Nf6 h6 49. h4 h5 50. Kd4 Kf5 51. Kxc4 Kf4 52. Nxh5+ Kg4 53. Nf6+ Kxh4 54. Nh7 Kg4 55. Kd4 Kf4 56. Kd5 Kf5 57. Kd6 Kg4 58. Ke6 Kh4 59. Kf7 Kh5 60. Kf6 Kh4 61. Kxg6 Kh3 62. Kf6 Kh4 63. g6 Kh5 64. g7 Kh4 65. g8Q Kh3 66. Qg1 Kh4 67. Kf5 Kh3 68. Kf4 1-0

[Event "GER-ch U12"]
[Site "Oberhof"]
[Date "2011.06.13"]
[Round "3"]
[White "Bruns, Kai Christian"]
[Black "Kollars, Dmitrij"]
[Result "0-1"]
[WhiteElo "1645"]
[BlackElo "1830"]
[PlyCount "104"]
[EventDate "2011.06.11"]
[EventType "swiss"]
[EventRounds "11"]
[EventCountry "GER"]
[SourceTitle "CBM 142 Extra"]
[Source "ChessBase"]
[SourceDate "2011.06.27"]
[SourceVersion "1"]
[SourceVersionDate "2011.06.27"]
[SourceQuality "1"]

1. e4 c5 2. c3 d5 3. exd5 Qxd5 4. d4 Nf6 5. Nf3 Bg4 6. Be2 e6 7. 0-0 Nc6 8. h3 Bh5 9. Be3 cxd4 10. cxd4 Be7 11. Nc3 Qd8 12. Qb3 Rb8 13. Rfd1 Nd5 14. Nxd5 exd5 15. g4 Bg6 16. Ne5 f6 17. Nxg6 hxg6 18. Kg2 Qd7 19. Rac1 Kf7 20. a3 Rbc8 21. Bf3 Rhd8 22. Qa2 Bf8 23. b4 Ne7 24. Rc5 b6 25. Rxc8 Rxc8 26. Rc1 Rxc1 27. Bxc1 Qc6 28. Bd2 b5 29. a4 bxa4 30. Be2 Qb6 31. Qxa4 Nc6 32. b5 Qxd4 33. Qa2 Ne5 34. Be3 Qe4+ 35. Kg3 Bd6 36. Qxa7+ Kg8 37. f4 Nf7 38. Bf3 Qd3 39. Qa8+ Kh7 40. Qa7 Kg8 41. Bc5 Qxb5 42. Bxd6 Nxd6 43. Qa8+ Kh7 44. Bxd5 Qd3+ 45. Kh4 g5+ 46. fxg5 fxg5+ 47. Kxg5 Qe3+ 48. Kh4 Nf5+ 49. gxf5 Qf4+ 50. Kh5 Qxf5+ 51. Kh4 Qf4+ 52. Kh5 g6# 0-1

[Event "Hannover-ch U12"]
[Site "Lehrte"]
[Date "2010.10.11"]
[Round "8"]
[White "Kiesel, Lucas"]
[Black "Bruns, Kai Christian"]
[Result "0-1"]
[WhiteElo "795"]
[BlackElo "1310"]
[PlyCount "112"]
[EventDate "2010.10.09"]
[EventType "swiss"]
[EventRounds "11"]
[EventCountry "GER"]
[SourceTitle "EXT 2021"]
[Source "ChessBase"]
[SourceDate "2020.10.23"]
[SourceVersion "1"]
[SourceVersionDate "2020.10.23"]
[SourceQuality "1"]

1. Nf3 c5 2. g3 d5 3. Bg2 Nc6 4. 0-0 Nf6 5. d3 g6 6. Nbd2 Bg7 7. e4 d4 8. b3 0-0 9. Bb2 Bd7 10. e5 Ng4 11. Nc4 Ngxe5 12. Ncxe5 Nxe5 13. Nxe5 Bxe5 14. Bxb7 Rb8 15. Bg2 Bg7 16. Re1 a5 17. Ba3 Rc8 18. Rc1 a4 19. b4 c4 20. b5 Re8 21. dxc4 Rxc4 22. Bd5 Rc3 23. Bb4 Rc8 24. Qf3 e6 25. Bb7 Rc4 26. a3 Bxb5 27. Be4 Rc8 28. Bd3 Bxd3 29. Qxd3 Qd5 30. c4 dxc3 31. Qxd5 exd5 32. Rxe8+ Rxe8 33. Bxc3 Rc8 34. Bd2 Rxc1+ 35. Bxc1 Bd4 36. Be3 Bb2 37. Bc5 f5 38. Kf1 Kf7 39. Ke2 Ke6 40. Kd2 d4 41. Kd3 Kd5 42. f3 Kxc5 43. g4 fxg4 44. fxg4 Bxa3 45. h4 Bc1 46. g5 a3 47. h5 a2 48. hxg6 hxg6 49. Ke2 a1Q 50. Kf2 Qc3 51. Kg2 Qe3 52. Kh1 Qe2 53. Kg1 Be3+ 54. Kh1 Qg4 55. Kh2 Bf2 56. Kh1 Qh3# 0-1

[Event "Hannover-ch U12"]
[Site "Lehrte"]
[Date "2010.10.10"]
[Round "5"]
[White "Pysmenyy, Illya"]
[Black "Bruns, Kai Christian"]
[Result "0-1"]
[WhiteElo "1360"]
[BlackElo "1310"]
[PlyCount "90"]
[EventDate "2010.10.09"]
[EventType "swiss"]
[EventRounds "11"]
[EventCountry "GER"]
[SourceTitle "EXT 2021"]
[Source "ChessBase"]
[SourceDate "2020.10.23"]
[SourceVersion "1"]
[SourceVersionDate "2020.10.23"]
[SourceQuality "1"]

1. e4 c5 2. Nf3 Nc6 3. Bb5 Nd4 4. Nxd4 cxd4 5. c4 e5 6. d3 Nf6 7. Bg5 a6 8. Ba4 Qb6 9. Qb3 Qxb3 10. Bxb3 Bb4+ 11. Nd2 d6 12. h3 h6 13. Bxf6 gxf6 14. a3 Ba5 15. Ba4+ Ke7 16. b4 Bb6 17. g4 a5 18. b5 h5 19. Rg1 hxg4 20. hxg4 Rh3 21. f3 Bd7 22. 0-0-0 Bc5 23. Kb2 Rah8 24. Bc2 Rh2 25. Nb1 Rf2 26. Rdf1 Re2 27. Re1 Re3 28. Rxe3 dxe3 29. Re1 Rh3 30. Bd1 Rh2+ 31. Kb3 Bd4 32. Nc3 Rd2 33. Ne2 Rxd3+ 34. Ka4 Bc5 35. Bb3 Be6 36. Rc1 Rd2 37. Ng3 Rg2 38. Nf5+ Bxf5 39. gxf5 Rf2 40. Kxa5 Rxf3 41. a4 e2 42. Re1 Rxb3 43. Rxe2 Kd7 44. Rg2 Kc7 45. Rg7 Bb4# 0-1

[Event "Hannover-ch U12"]
[Site "Lehrte"]
[Date "2010.10.09"]
[Round "3"]
[White "Thormann, Georg"]
[Black "Bruns, Kai Christian"]
[Result "0-1"]
[WhiteElo "807"]
[BlackElo "1310"]
[PlyCount "60"]
[EventDate "2010.10.09"]
[EventType "swiss"]
[EventRounds "11"]
[EventCountry "GER"]
[SourceTitle "EXT 2021"]
[Source "ChessBase"]
[SourceDate "2020.10.23"]
[SourceVersion "1"]
[SourceVersionDate "2020.10.23"]
[SourceQuality "1"]

1. c4 c5 2. Nc3 Nc6 3. e4 g6 4. g3 Bg7 5. Bg2 d6 6. d3 e6 7. d4 cxd4 8. Nb5 Nge7 9. e5 Bxe5 10. Bxc6+ Nxc6 11. f4 Bg7 12. Nf3 e5 13. fxe5 dxe5 14. Bg5 f6 15. Bd2 Be6 16. b3 a6 17. Na3 e4 18. Ng1 e3 19. Bc1 Qa5+ 20. Kf1 f5 21. Nc2 d3 22. Nxe3 Bxa1 23. Qxd3 Bd4 24. Nf3 Ne5 25. Qxd4 Nxf3 26. Qxh8+ Kf7 27. Qxa8 Qe1+ 28. Kg2 Qe2+ 29. Kh3 Ng5+ 30. Kh4 Qh5# 0-1

[Event "Niedersachsen-chT U14"]
[Site "Verden an der Aller"]
[Date "2009.05.21"]
[Round "1.3"]
[White "Bruns, Kai Christian"]
[Black "Vogt, Marc Jonas"]
[Result "0-1"]
[WhiteElo "975"]
[BlackElo "1410"]
[PlyCount "60"]
[EventDate "2009.05.21"]
[EventType "team-tourn"]
[EventRounds "7"]
[EventCountry "GER"]
[SourceTitle "EXT 2010"]
[Source "ChessBase"]
[SourceDate "2010.11.25"]
[SourceVersion "1"]
[SourceVersionDate "2010.11.25"]
[SourceQuality "1"]
[WhiteTeam "Ricklingen"]
[BlackTeam "Stade"]
[WhiteTeamCountry "GER"]
[BlackTeamCountry "GER"]

1. e4 c5 2. c3 d5 3. e5 Nc6 4. Nf3 Bg4 5. Bb5 a6 6. Bxc6+ bxc6 7. h3 Bf5 8. d4 c4 9. Bf4 Bd3 10. b3 e6 11. Na3 Bxa3 12. b4 Bb2 13. Qa4 Bxc3+ 14. Kd1 Bxa1 15. Qxc6+ Kf8 16. Bg5 Rc8 17. Qd6+ Qxd6 18. exd6 f6 19. Kd2 Bb2 20. Bh4 Be4 21. Re1 c3+ 22. Ke3 c2 23. Ne5 c1Q+ 24. Rxc1 Bxc1+ 25. Ke2 g5 26. f3 gxh4 27. fxe4 fxe5 28. dxe5 Ke8 29. exd5 exd5 30. e6 Rd8 0-1

[Event "Niedersachsen-ch U10"]
[Site "Rotenburg"]
[Date "2009.04.09"]
[Round "9"]
[White "Bach, Marten"]
[Black "Bruns, Kai Christian"]
[Result "1/2-1/2"]
[WhiteElo "810"]
[BlackElo "1023"]
[PlyCount "39"]
[EventDate "2009.04.04"]
[EventType "swiss"]
[EventRounds "11"]
[EventCountry "GER"]
[SourceTitle "EXT 2010"]
[Source "ChessBase"]
[SourceDate "2010.11.25"]
[SourceVersion "1"]
[SourceVersionDate "2010.11.25"]
[SourceQuality "1"]

1. e4 e5 2. Nf3 Nc6 3. Bc4 Bc5 4. c3 Nf6 5. 0-0 0-0 6. Re1 d6 7. h3 a6 8. d3 Be6 9. Bxe6 fxe6 10. Bg5 h6 11. Bh4 Qe7 12. Nbd2 Rad8 13. Nf1 b5 14. Ng3 d5 15. Nh5 g5 16. Nxf6+ Qxf6 17. Bg3 Bd6 18. b4 d4 19. Qc2 Rc8 20. a4 1/2-1/2

[Event "Niedersachsen-ch U10"]
[Site "Rotenburg"]
[Date "2009.04.08"]
[Round "7"]
[White "Ufkes, Tammo"]
[Black "Bruns, Kai Christian"]
[Result "1/2-1/2"]
[WhiteElo "897"]
[BlackElo "1023"]
[PlyCount "58"]
[EventDate "2009.04.04"]
[EventType "swiss"]
[EventRounds "11"]
[EventCountry "GER"]
[SourceTitle "EXT 2010"]
[Source "ChessBase"]
[SourceDate "2010.11.25"]
[SourceVersion "1"]
[SourceVersionDate "2010.11.25"]
[SourceQuality "1"]

1. e4 e5 2. Nf3 Nc6 3. Bc4 Nf6 4. d4 exd4 5. e5 Qe7 6. Qe2 Ng4 7. Bf4 d6 8. exd6 Qxe2+ 9. Bxe2 Bxd6 10. Bxd6 cxd6 11. 0-0 0-0 12. c4 Nge5 13. Nbd2 d3 14. Bd1 Bf5 15. Re1 Rfe8 16. Rc1 Nxf3+ 17. Bxf3 Rxe1+ 18. Rxe1 g6 19. Ne4 Bxe4 20. Bxe4 Re8 21. f3 Kg7 22. Kf1 Nb4 23. Rd1 b6 24. Bxd3 Nxd3 25. Rxd3 Re6 26. b4 a6 27. a4 h5 28. a5 bxa5 29. bxa5 g5 1/2-1/2